Il Vangelo Proebito

Gespeichert in:
Bibliographische Detailangaben
1. Verfasser: David Gibbins
Format: Buch
Sprache:Nichtbestimmte Sprache
Veröffentlicht: Newton Compton Editori
Tags: Tag hinzufügen
Keine Tags, Fügen Sie das erste Tag hinzu!

MARC

LEADER 00000nam a2200000Ia 4500
001 R-881
003 CODICE-MESSINA
005 20260212102458.0
008 260211s9999 xx 000 0 und d
040 |c importazione_messina 
100 |a David Gibbins 
245 0 |a Il Vangelo Proebito 
260 |b Newton Compton Editori 
942 |2 ddc  |c BK 
952 |0 0  |1 0  |2 ddc  |4 0  |6 SCAFFALE_8_000000000000000__ROMANZI  |7 0  |9 31708  |a ME  |b ME  |d 2026-02-11  |l 0  |o SCAFFALE 8 - ROMANZI  |p R-881  |r 2026-02-11 23:52:43  |w 2026-02-11  |x [REVISIONARE]  |y BK 
999 |c 27373  |d 27373